Estatísticas para Ilhas Revelando Ilhas

Clique aqui para jogar o quiz

Estatísticas Gerais

  • Esse quiz foi jogado 39 vezes
  • A pontuação média é 11 de 34

Respostas no mapa

Respostas codificadas por cores de uma escala verde-vermelha no mapa do quiz de acordo com a % correta abaixo.
 

Estatísticas das Respostas

resposta% Correto
Cuba
100%
Chipre
78%
Jamaica
72%
Islândia
69%
Madagáscar
69%
Sri Lanka
69%
Taiwan
69%
Malta
44%
Groenlândia
41%
Sicília
38%
Córsega
34%
Bornéu
28%
São Domingos
28%
Sardenha
28%
Sumatra
28%
Java
25%
Nova Guiné
25%
Sacalina
25%
Great Britain
22%
Baffin
19%
Creta
19%
Hokkaido
19%
Ireland
19%
Honshu
16%
Luzón
16%
Sulawesi
16%
Maiorca
13%
Aruba
6%
Trindade
6%
Kyushu
3%
Maiote
3%
Martinica
3%
Rodes
3%
Anglesey
0%

Distribuição das Pontuações

Percentil de Números Respondidos

Porcentagem de Pessoas com Cada Pontuação

Sua Pontuação Histórica

Você não jogou esse quiz